Central Library OPAC University of Rajshahi

Shakespeare's world / (Record no. 18323)

MARC details
000 -LEADER
fixed length control field 00994cam a2200289 a 4500
001 - CONTROL NUMBER
control field 18323
003 - CONTROL NUMBER IDENTIFIER
rucl marc code BD-RjUL
005 - DATE AND TIME OF LATEST TRANSACTION
control field 20211209000253.0
008 - FIXED-LENGTH DATA ELEMENTS--GENERAL INFORMATION
fixed length control field 880929s1989 enk b 001 0 eng
035 ## - SYSTEM CONTROL NUMBER
System control number (BD-RjUL)18381
040 ## - CATALOGING SOURCE
Original cataloging agency DLC
Transcribing agency DLC
Modifying agency DLC
-- BD-RjUL
Language of cataloging eng
041 ## - LANGUAGE CODE
Language code of text/sound track or separate title eng
082 00 - DEWEY DECIMAL CLASSIFICATION NUMBER
Classification number 822.33
Edition number 19
Author mark and year SHA 1964
245 00 - TITLE STATEMENT
Title Shakespeare's world /
Statement of responsibility, etc. edited James Sutherland and Joel Hurstfield.
260 ## - PUBLICATION, DISTRIBUTION, ETC. (IMPRINT)
Place of publication, distribution, etc. London :
Name of publisher, distributor, etc. Edward arnold,
Date of publication, distribution, etc. c1964.
300 ## - PHYSICAL DESCRIPTION
Pagination 199 p. ;
Size 24 cm.
504 ## - BIBLIOGRAPHY, ETC. NOTE
Bibliography, etc Includes bibliographical references & Index.
600 10 - SUBJECT ADDED ENTRY--PERSONAL NAME
Personal name Shakespeare, William,
Dates associated with a name 1564-1616
General subdivision Sources.
Personal name Shakespeare, William,
Dates associated with a name 1564-1616
General subdivision Knowledge and learning.
650 #0 - SUBJECT ADDED ENTRY--TOPICAL TERM
Topical term or geographic name as entry element Renaissance
Geographic subdivision England.
9 (RLIN) 4395
Topical term or geographic name as entry element European literature
Chronological subdivision Renaissance, 1450-1600.
9 (RLIN) 56403
651 #0 - SUBJECT ADDED ENTRY--GEOGRAPHIC NAME
Geographic name England
General subdivision Civilization
Chronological subdivision 16th century.
9 (RLIN) 864
700 1# - ADDED ENTRY--PERSONAL NAME
Personal name Sutherland, James .
Personal name Hurstfield, Joel .
942 ## - ADDED ENTRY ELEMENTS (KOHA)
Source of classification or shelving scheme Dewey Decimal Classification
Koha item type Books
Holdings
Lost status Source of classification or shelving scheme Damaged status Not for loan Collection code Permanent Location Current Location Shelving location Date acquired Source of acquisition Cost, normal purchase price Total Checkouts Full call number Date last seen Copy number Koha item type
  Dewey Decimal Classification   Not For Loan Fiction Central Library, University of Rajshahi Central Library, University of Rajshahi Reading Room 25/11/1969 Zeit 25.00   822.33 SHA 1964 20/02/2014 C-1 Books